| 000 | 01226naa a22002897a 4500 | ||
|---|---|---|---|
| 001 | BR8804547 | ||
| 003 | BR-BrBNA | ||
| 005 | 20240918180257.0 | ||
| 007 | ta | ||
| 008 | 230509b bl.||||| |||| 00| 0 por d | ||
| 040 |
_aBR-BrBNA _bpor _cBiblioteca Nacional de Agricultura |
||
| 041 | _a(Pt) | ||
| 072 |
_aE20 _b5213 |
||
| 090 | _aE20 BR8804547 | ||
| 100 | 1 | _aBemelmans, P.F. | |
| 111 | 1 |
_a3. Simposio sobre Pecuaria de Corte _cPiracicaba, SP (Brazil) _d8-10 Nov 1983 |
|
| 245 | 1 | _aOrganizacao administrativa da exploracao de gado de corte | |
| 260 | 3 |
_aCampinas, SP (Brasil): _c1983. |
|
| 500 | _aPeixoto, A.M.; Moura, J.C. de; Faria, V.P. de (eds.) Anais do 3. Simposio sobre Pecuaria de Corte Campinas, SP (Brasil): 1983. p. 33-51 (BR8804547-AM)E20 | ||
| 650 | _aGADO DE CORTE | ||
| 650 | _aFAZENDA | ||
| 650 | _aEXPLORACAO AGRICOLA | ||
| 650 | _aCONTABILIDADE | ||
| 773 | 0 |
_tAnais do 3. Simposio sobre Pecuaria de Corte _aPeixoto, A.M.; Moura, J.C. de; Faria, V.P. de (eds.). Escola Superior de Agricultura Luiz de Queiroz, Piracicaba, SP (Brasil);Fundacao Cargill, Campinas, SP (Brasil) _wE20 BR8804547 _gCampinas, SP (Brasil), 1983. p. 33-51 |
|
| 909 |
_a202404 _bLucia _c55 _dLucia Elande |
||
| 942 |
_cAM _2AGRIS |
||
| 999 |
_c319552 _d319552 |
||